00314nam a2200133Ia 4500003000400000005001700004008004100021020001800062040002900080100001800109100000900127245003600136260000800172OSt20240212105836.0170524s9999 xx 000 0 und d a9788120330849 cIIMT ENGINEERING COLLEGE aSingh- Kavita c2011 0aCOUNSELLING SKILLS FOR MANAGERS aPHI